01360cam a22002894i 4500003000900000005001700009008004100026020001800067035002700085040003300112082002000145082002100165100004400186245006000230264005000290300005500340336002100395337002500416338002300441505053200464526000900996526000901005526000801014526000801022526000801030650003201038PE-LiUPU20250731184115.0150706s2010 pe a r 000 0 d a9786124011436 a(Sirsi) i9786124011436 aPE-LiUPUbspacPE-LiUPUerda04a869.56bY3822104a869.56bY38 20101 aYauri Montero, Marcos,d1930- ,eautor.13aEl misterio de la calle Loreto /cMarcos Yauri Montero. 1aLima :bAsamblea Nacional de Rectores,c2010. a126 páginas :bilustraciones ;c24 centímetros atext2rdacontent aunmediated2rdamedia avolume2rdacarrier0 aUn Arpa. Una sobra de mujer -- Un viaje y un zorro incandescente -- Mónica, ¿eres tú? -- Dios se echa a llorar -- Una víctima feliz del amor -- Singing in the rain y dos mundos que se odian -- David se confiesa -- Ese viajero era yo -- ¿No será la música de aurora? -- Porfirio-Orfeo cuenta -- Antes del segundo canto del gallo -- Una señora adorable -- Esa seña, que mala seña, aurora -- Yo soy pelicarpo escudero -- El zorro negro cruzó mi camino -- ¿Te volveré a ver igual que la bailarina de jazz? aP145 aP127 aP97 aP14 aP0704aNovelas peruanasySiglo XX.